00325nam a2200121Ia 4500008004100000041000800041082001400049100001600063245003800079260004400117300003100161365001100192240624s9999 xx 000 0 und d aeng a338.5 TRI aTIROLE JEAN aTHEORY OF INDUSTRIAL ORGANIZATION c2007aNew DelhibPrentice-Hall of India axii, : 479 : p. : cm. ; 26 cRSb36